Statistiken für Länder mit Straßenbahnen

Klicken Sie hier um das Quiz zu spielen!

Allgemein

  • Dieses Quiz wurde 128 mal gespielt
  • Das Durchschnittsergebnis liegt bei 46 aus 56

Antwortstatistiken

HintLand% Korrekt
NordamerikaKanada
98%
NordamerikaVereinigte Staaten
98%
EuropaDeutschland
97%
NordamerikaMexiko
97%
AsienChina
96%
OzeanienAustralien
95%
SüdamerikaBrasilien
95%
EuropaFrankreich
95%
EuropaNorwegen
95%
EuropaNiederlande
94%
EuropaÖsterreich
94%
EuropaPolen
94%
EuropaPortugal
94%
EuropaRussland
94%
EuropaBelgien
93%
EuropaSchweden
93%
EuropaSchweiz
93%
EuropaSpanien
93%
EuropaFinnland
92%
SüdamerikaArgentinien
91%
EuropaItalien
91%
AsienJapan
91%
AfrikaÄgypten
90%
EuropaDänemark
89%
EuropaUkraine
88%
EuropaLettland
87%
EuropaSlowakei
87%
EuropaTschechien
87%
EuropaEstland
86%
EuropaGroßbritannien
86%
EuropaKroatien
86%
EuropaSerbien
86%
AsienIndien
85%
EuropaLuxemburg
85%
EuropaUngarn
85%
EuropaGriechenland
81%
EuropaBulgarien
80%
AfrikaMarokko
80%
EuropaRumänien
80%
SüdamerikaBolivien
79%
EuropaIrland
78%
AsienTürkei
78%
AfrikaAlgerien
77%
AfrikaTunesien
77%
AsienIran
75%
EuropaWeißrussland
75%
EuropaBosnien und Herzegowina
73%
SüdamerikaEcuador
66%
AsienIsrael
61%
AsienKasachstan
57%
AsienNordkorea
57%
AsienTaiwan
49%
AsienUsbekistan
48%
AsienVereinigte Arabische Emirate
46%
AfrikaÄthiopien
39%
AsienPhilippinen
38%

Verteilung der Resultate

Perzentil nach korrekt beantworteten Fragen

Anzahl Personen mit jedem Resultat

Ihre Resultats-Entwicklung

Sie haben dieses Quiz noch nicht gespielt